[Event "KOS CupT"]
[Site "Pristina"]
[Date "2017.12.10"]
[Round "7.4"]
[White "Ajvazi, Ramadan"]
[Black "Fejzullahu, Afrim"]
[Result "1/2-1/2"]
[WhiteElo "2120"]
[BlackElo "2265"]
[PlyCount "86"]
[EventDate "2017.11.11"]
[EventType "team-tourn"]
[EventRounds "7"]
[EventCountry "KOS"]
[SourceTitle "EXT 2019"]
[Source "ChessBase"]
[SourceDate "2018.10.10"]
[SourceVersion "1"]
[SourceVersionDate "2018.10.10"]
[SourceQuality "1"]
[WhiteTeam "Dardania"]
[BlackTeam "Pristina"]
[WhiteTeamCountry "KOS"]
[BlackTeamCountry "KOS"]

1. e4 c5 2. Nf3 d6 3. d4 cxd4 4. Nxd4 Nf6 5. Nc3 a6 6. Bg5 e6 7. f4 h6 8. Bh4 g5 9. fxg5 Nh7 10. Bc4 hxg5 11. Bf2 Nf6 12. Qe2 b5 13. Bb3 Bb7 14. a3 Nbd7 15. 0-0-0 Rc8 16. Be1 Qc7 17. Bg3 Ne5 18. Rhf1 Nfd7 19. Kb1 Nc4 20. Bxc4 Qxc4 21. Qf3 f5 22. Nxf5 exf5 23. Qxf5 Qg8 24. Bxd6 Bxd6 25. Rxd6 Rh7 26. Rfd1 Rc7 27. Nd5 Bxd5 28. R1xd5 Re7 29. Rxa6 Rc8 30. Ra7 Qf7 31. Qxf7+ Rxf7 32. Rxg5 Rf1+ 33. Ka2 Rxc2 34. Rb7 Rff2 35. Rgxb5 Rxg2 36. e5 Rxh2 37. e6 Nc5 38. Rg7 Nxe6 39. Rb8+ Nd8 40. Rg8+ Ke7 41. Rgxd8 Rxb2+ 42. Rxb2 Rxb2+ 43. Kxb2 Kxd8 1/2-1/2

[Event "KOS-chT"]
[Site "Pristina"]
[Date "2017.05.21"]
[Round "5.4"]
[White "Podlesnik, Bogdan"]
[Black "Ajvazi, Ramadan"]
[Result "1-0"]
[WhiteElo "2370"]
[BlackElo "2112"]
[PlyCount "53"]
[EventDate "2017.05.17"]
[EventType "team-tourn"]
[EventRounds "7"]
[EventCountry "KOS"]
[SourceTitle "CBM 178 Extra"]
[Source "ChessBase"]
[SourceDate "2017.06.22"]
[SourceVersion "1"]
[SourceVersionDate "2017.06.22"]
[SourceQuality "1"]
[WhiteTeam "Pristina"]
[BlackTeam "Dardania"]
[WhiteTeamCountry "KOS"]
[BlackTeamCountry "KOS"]

1. e4 c5 2. f4 Nc6 3. Nf3 g6 4. d4 cxd4 5. Nxd4 Bg7 6. Nf3 d6 7. Bd3 Qb6 8. c3 Nf6 9. Qe2 0-0 10. Nbd2 Rb8 11. Nc4 Qc7 12. 0-0 b5 13. Ne3 a6 14. Kh1 Bb7 15. Qf2 Na5 16. Qh4 Nc4 17. f5 Ne5 18. Bc2 d5 19. Nxe5 Qxe5 20. Ng4 Nxg4 21. Bf4 Qf6 22. Qxg4 Rfe8 23. e5 Qc6 24. e6 fxe6 25. fxg6 e5 26. Bxe5 Bxe5 27. Qh5 1-0

[Event "Kosovo Club Cup"]
[Site "Pristina"]
[Date "2016.11.20"]
[Round "3.4"]
[White "Ajvazi, Ramadan"]
[Black "Demiri, Ramiz"]
[Result "0-1"]
[WhiteElo "2146"]
[BlackElo "2019"]
[PlyCount "69"]
[EventDate "2016.11.06"]
[EventType "team-tourn"]
[EventRounds "7"]
[EventCountry "KOS"]
[SourceTitle "EXT 2018"]
[Source "ChessBase"]
[SourceDate "2017.10.13"]
[SourceVersion "1"]
[SourceVersionDate "2017.10.13"]
[SourceQuality "1"]
[WhiteTeam "Dardania"]
[BlackTeam "Zhupa"]
[WhiteTeamCountry "KOS"]
[BlackTeamCountry "KOS"]

1. e4 c5 2. Nf3 Nc6 3. d4 cxd4 4. Nxd4 e6 5. Nc3 Nf6 6. Ndb5 d6 7. Bf4 e5 8. Bg5 Be7 9. Bxf6 gxf6 10. Nd5 Rb8 11. Nbc7+ Kf8 12. Qh5 h6 13. Bc4 Be6 14. 0-0-0 Rc8 15. Nxe7 Qxe7 16. Nd5 Qd8 17. Bb3 Na5 18. Rd3 Nxb3+ 19. axb3 Rc6 20. c3 Ra6 21. Kc2 Bxd5 22. Rxd5 Ke7 23. Rhd1 Qg8 24. Rb5 Rb6 25. Rxb6 axb6 26. g3 Qg6 27. Qf3 Rc8 28. Qe3 Rc6 29. b4 f5 30. b5 Rc5 31. b4 Rc7 32. Qxb6 Rd7 33. exf5 Qxf5+ 34. Kb2 Qf3 35. Qe3 0-1

[Event "KOS-ch final"]
[Site "Pristina"]
[Date "2015.10.10"]
[Round "8"]
[White "Ajvazi, Ramadan"]
[Black "Selimi, Vesel"]
[Result "1-0"]
[WhiteElo "2139"]
[BlackElo "1988"]
[PlyCount "49"]
[EventDate "2015.09.25"]
[EventType "tourn"]
[EventRounds "9"]
[EventCountry "KOS"]
[SourceTitle "EXT 2018"]
[Source "ChessBase"]
[SourceDate "2017.10.13"]
[SourceVersion "1"]
[SourceVersionDate "2017.10.13"]
[SourceQuality "1"]

1. e4 c5 2. Nf3 Nc6 3. d4 cxd4 4. Nxd4 e6 5. Nc3 Bc5 6. Nb3 Be7 7. Be3 a6 8. Be2 Nf6 9. 0-0 0-0 10. f4 d5 11. e5 Ne8 12. Nd4 Bc5 13. Kh1 Bxd4 14. Bxd4 g6 15. Bc5 Ng7 16. Bxf8 Qxf8 17. Bd3 b5 18. Ne2 Bb7 19. c3 Nh5 20. a3 Qh6 21. Kg1 g5 22. g3 g4 23. Nd4 Kh8 24. Qxg4 Rg8 25. Qh4 1-0

[Event "KOS-ch final"]
[Site "Pristina"]
[Date "2015.10.02"]
[Round "4"]
[White "Ajvazi, Ramadan"]
[Black "Saraci, Nderim"]
[Result "1/2-1/2"]
[WhiteElo "2139"]
[BlackElo "2171"]
[PlyCount "23"]
[EventDate "2015.09.25"]
[EventType "tourn"]
[EventRounds "9"]
[EventCountry "KOS"]
[SourceTitle "EXT 2018"]
[Source "ChessBase"]
[SourceDate "2017.10.13"]
[SourceVersion "1"]
[SourceVersionDate "2017.10.13"]
[SourceQuality "1"]

1. e4 e5 2. Bc4 Nc6 3. Nf3 Bc5 4. c3 Nf6 5. d4 exd4 6. cxd4 Bb4+ 7. Nc3 Nxe4 8. 0-0 Bxc3 9. d5 Ne5 10. Bb3 0-0 11. bxc3 Ng6 12. d6 1/2-1/2

[Event "Kukes op"]
[Site "Kukes"]
[Date "2014.06.07"]
[Round "1"]
[White "Drasko, Milan"]
[Black "Ajvazi, Ramadan"]
[Result "1-0"]
[WhiteElo "2461"]
[BlackElo "2143"]
[PlyCount "61"]
[EventDate "2014.06.07"]
[EventType "swiss"]
[EventRounds "9"]
[EventCountry "ALB"]
[SourceTitle "EXT 2016"]
[Source "ChessBase"]
[SourceDate "2015.10.08"]
[SourceVersion "1"]
[SourceVersionDate "2015.10.08"]
[SourceQuality "1"]

1. Nf3 Nf6 2. g3 b6 3. Bg2 Bb7 4. c4 c5 5. 0-0 g6 6. d4 cxd4 7. Qxd4 Bg7 8. Nc3 d6 9. Rd1 Nbd7 10. Be3 0-0 11. Qh4 Rc8 12. Rac1 a6 13. b3 Qc7 14. Bh3 Bxf3 15. exf3 Ne5 16. Bg2 Qb8 17. a4 Ned7 18. f4 Nc5 19. Rb1 e6 20. Bd4 Nh5 21. f5 Bxd4 22. Qxd4 gxf5 23. Bf3 Ng7 24. Qxd6 Rfd8 25. Qxb8 Rxb8 26. Rxd8+ Rxd8 27. b4 Nd3 28. Rd1 Rd7 29. Bc6 Rd6 30. b5 axb5 31. Bxb5 1-0

[Event "Kukes op"]
[Site "Kukes"]
[Date "2013.06.05"]
[Round "7"]
[White "Ajvazi, Ramadan"]
[Black "Ibraimi, Ruzdi"]
[Result "1-0"]
[WhiteElo "2161"]
[BlackElo "2112"]
[PlyCount "61"]
[EventDate "2013.06.01"]
[EventType "swiss"]
[EventRounds "9"]
[EventCountry "ALB"]
[SourceTitle "CBM 154 Extra"]
[Source "ChessBase"]
[SourceDate "2013.06.25"]
[SourceVersion "2"]
[SourceVersionDate "2013.06.25"]
[SourceQuality "1"]

1. e4 c5 2. Nf3 Nc6 3. d4 cxd4 4. Nxd4 d6 5. Nc3 Nf6 6. Bc4 g6 7. Nxc6 bxc6 8. e5 Ng4 9. e6 f5 10. Qd4 Nf6 11. Bf4 Bg7 12. 0-0-0 0-0 13. Qd2 d5 14. Bh6 Qc7 15. Bxg7 Kxg7 16. Bb3 Bxe6 17. g4 Ne4 18. Qd4+ Kg8 19. f3 Nxc3 20. Qxc3 a5 21. Kb1 Qd6 22. Rhe1 Bf7 23. a4 e6 24. h4 c5 25. h5 d4 26. hxg6 hxg6 27. Qd2 Kg7 28. f4 Rfc8 29. Bc4 Rab8 30. g5 Qb6 31. b3 1-0

[Event "Kukes op"]
[Site "Kukes"]
[Date "2013.06.04"]
[Round "5"]
[White "Ajvazi, Ramadan"]
[Black "Asani, Adem"]
[Result "1/2-1/2"]
[WhiteElo "2161"]
[BlackElo "1966"]
[PlyCount "161"]
[EventDate "2013.06.01"]
[EventType "swiss"]
[EventRounds "9"]
[EventCountry "ALB"]
[SourceTitle "CBM 154 Extra"]
[Source "ChessBase"]
[SourceDate "2013.06.25"]
[SourceVersion "2"]
[SourceVersionDate "2013.06.25"]
[SourceQuality "1"]

1. e4 d6 2. d4 Nf6 3. Nc3 g6 4. Bg5 Bg7 5. Qd2 c6 6. Bh6 0-0 7. Bxg7 Kxg7 8. f3 b6 9. g4 e5 10. 0-0-0 Qe7 11. Nge2 Ba6 12. d5 c5 13. Ng3 Bxf1 14. Rdxf1 Ng8 15. h4 Qf6 16. Nce2 Nd7 17. h5 g5 18. Nf5+ Kh8 19. h6 Ne7 20. Neg3 Nxf5 21. Nxf5 Rg8 22. Ng7 Qf4 23. Rh5 Qxd2+ 24. Kxd2 f6 25. Nf5 Rgf8 26. Nxd6 a6 27. a4 Kg8 28. Rhh1 Rfd8 29. Kc3 Nf8 30. Nf5 Kf7 31. Rd1 Rd7 32. b3 Ng6 33. Ng3 Nf4 34. Nh5 Nxh5 35. Rxh5 Ke7 36. Rhh1 Kd6 37. Kd3 Rb8 38. Ra1 Rc7 39. Rhb1 Rbc8 40. Kc4 Kd7 41. Rd1 Kd6 42. Rdc1 Rb8 43. Rd1 Rbc8 44. Rdc1 Kd7 45. c3 Kd6 46. Rc2 Kd7 47. Rb1 Kd6 48. Rd1 Rb8 49. b4 b5+ 50. Kd3 cxb4 51. axb5 Rxb5 52. cxb4 Rxc2 53. Kxc2 Rxb4 54. Ra1 Rb6 55. Rb1 Rxb1 56. Kxb1 Kc5 57. Kb2 Kb6 58. Kb3 Kb5 59. Kc3 Kc5 60. Kb2 Kb6 61. Ka3 Ka5 62. Kb2 Kb6 63. Kc2 Kc5 64. Kc3 Kb5 65. Kb3 a5 66. Kc3 Kc5 67. Kc2 Kb5 68. Kd3 Kc5 69. Kc3 Kb5 70. Kb3 a4+ 71. Ka3 Ka5 72. Kb2 Kb5 73. Ka3 Ka5 74. d6 Kb6 75. Kxa4 Kc6 76. d7 Kxd7 77. Kb4 Ke7 78. Kc5 Kf7 79. Kd6 Kg6 80. Ke7 Kxh6 81. Kxf6 1/2-1/2

[Event "EU-Cup 28th"]
[Site "Eilat"]
[Date "2012.10.12"]
[Round "2.3"]
[White "Stebbings, Anthony"]
[Black "Ajvazi, Ramadan"]
[Result "1/2-1/2"]
[WhiteElo "2256"]
[BlackElo "2164"]
[PlyCount "125"]
[EventDate "2012.10.11"]
[EventType "team-swiss"]
[EventRounds "7"]
[EventCountry "ISR"]
[SourceTitle "CBM 151"]
[Source "ChessBase"]
[SourceDate "2012.11.13"]
[SourceVersion "1"]
[SourceVersionDate "2012.11.13"]
[SourceQuality "1"]
[WhiteTeam "Jutes of Kent"]
[BlackTeam "Expik"]
[WhiteTeamCountry "ENG"]
[BlackTeamCountry "KOS"]

1. e4 c5 2. Nf3 d6 3. d4 cxd4 4. Nxd4 Nf6 5. Nc3 g6 6. Be2 Bg7 7. 0-0 0-0 8. Bg5 Nc6 9. Nb3 Be6 10. Kh1 Rc8 11. f4 Qd7 12. Bf3 Bg4 13. Qd2 Bxf3 14. Rxf3 Qe6 15. Re1 Qc4 16. f5 Rfd8 17. Bh6 Bh8 18. Rh3 d5 19. fxg6 fxg6 20. exd5 Nxd5 21. Nxd5 Qxd5 22. Rd3 Qf5 23. Rxd8+ Rxd8 24. Qc1 Bg7 25. Bxg7 Kxg7 26. Rf1 Qe5 27. c3 Rf8 28. h3 Rxf1+ 29. Qxf1 Qf5 30. Kg1 e5 31. Qe1 b6 32. Qd2 Ne7 33. c4 Kf7 34. a3 Qf4 35. Qxf4+ exf4 36. Kf2 Kf6 37. Nd4 Ke5 38. Nb5 Nc6 39. b3 g5 40. Kf3 h5 41. b4 Nd4+ 42. Nxd4 Kxd4 43. c5 bxc5 44. bxc5 Kxc5 45. h4 gxh4 46. Kxf4 a5 47. Kg5 h3 48. gxh3 a4 49. Kxh5 Kc4 50. h4 Kb3 51. Kg6 Kxa3 52. h5 Kb2 53. h6 a3 54. h7 a2 55. h8Q+ Kb1 56. Qb8+ Kc2 57. Qc7+ Kb1 58. Qb6+ Kc2 59. Qc5+ Kb1 60. Qb4+ Kc2 61. Qa3 Kb1 62. Qb3+ Ka1 63. Kf5 1/2-1/2

[Event "EU-Cup 27th"]
[Site "Rogaska Slatina"]
[Date "2011.09.26"]
[Round "2"]
[White "Livner, Anders"]
[Black "Ajvazi, Ramadan"]
[Result "1-0"]
[WhiteElo "2340"]
[BlackElo "2207"]
[PlyCount "72"]
[EventDate "2011.09.25"]
[EventType "team-swiss"]
[EventRounds "7"]
[EventCountry "SLO"]
[SourceTitle "CBM 145"]
[Source "ChessBase"]
[SourceDate "2011.11.11"]
[SourceVersion "1"]
[SourceVersionDate "2011.11.11"]
[SourceQuality "1"]
[WhiteTeam "e2e4.org.uk"]
[BlackTeam "Expik"]
[WhiteTeamCountry "ENG"]
[BlackTeamCountry "KOS"]

1. d4 Nf6 2. c4 c5 3. d5 b5 4. cxb5 a6 5. bxa6 g6 6. Nc3 Bxa6 7. g3 d6 8. Bg2 Bg7 9. Nf3 Nbd7 10. Rb1 0-0 11. 0-0 Qa5 12. Qc2 Rfb8 13. Bd2 Ng4 14. a4 Nge5 15. Nxe5 Nxe5 16. b3 Qc7 17. Rfe1 Ra7 18. h3 Nd7 19. Na2 Nf6 20. b4 cxb4 21. Qxc7 Rxc7 22. Nxb4 Rcb7 23. Nxa6 Rxb1 24. Nxb8 Rxb8 25. e4 Nd7 26. Be3 Ra8 27. Rc1 Nc5 28. Bxc5 dxc5 29. Rxc5 Rxa4 30. Rc8+ Bf8 31. Bf3 Rd4 32. Kf1 e6 33. dxe6 fxe6 34. e5 Kf7 35. Bg4 h5 36. Be2 Rd5 1-0

[Event "EU-Cup 26th"]
[Site "Plovdiv"]
[Date "2010.10.17"]
[Round "1.1"]
[White "Volodin, Aleksandr"]
[Black "Ajvazi, Ramadan"]
[Result "1-0"]
[WhiteElo "2433"]
[BlackElo "2240"]
[PlyCount "61"]
[EventDate "2010.10.17"]
[EventType "team-swiss"]
[EventRounds "7"]
[EventCountry "BUL"]
[SourceTitle "CBM 139"]
[Source "ChessBase"]
[SourceDate "2010.11.18"]
[SourceVersion "1"]
[SourceVersionDate "2010.11.18"]
[SourceQuality "1"]
[WhiteTeam "Stockholm Viking"]
[BlackTeam "Expik"]
[WhiteTeamCountry "SWE"]
[BlackTeamCountry "KOS"]

1. d4 Nf6 2. c4 c5 3. d5 b5 4. Bg5 d6 5. Bxf6 gxf6 6. cxb5 Bg7 7. Nc3 f5 8. e3 0-0 9. Bd3 e5 10. Nge2 Qg5 11. 0-0 e4 12. f4 Qg6 13. Bc2 Nd7 14. h3 Nb6 15. b3 a6 16. a4 axb5 17. axb5 Bb7 18. Qd2 Qf6 19. Rad1 Rfc8 20. g4 c4 21. b4 Ra3 22. Nd4 Bxd5 23. Nxd5 Nxd5 24. Nxf5 Rd3 25. Bxd3 exd3 26. e4 Ne7 27. g5 Qe6 28. Nxg7 Kxg7 29. f5 Qe5 30. f6+ Kg6 31. fxe7 1-0

[Event "EU-Cup 24th"]
[Site "Kallithea"]
[Date "2008.10.17"]
[Round "1"]
[White "Swinkels, Robin"]
[Black "Ajvazi, Ramadan"]
[Result "1/2-1/2"]
[WhiteElo "2451"]
[BlackElo "2225"]
[PlyCount "92"]
[EventDate "2008.10.17"]
[EventType "team-swiss"]
[EventRounds "7"]
[EventCountry "GRE"]
[SourceTitle "CBM 127"]
[Source "ChessBase"]
[SourceDate "2008.11.13"]
[SourceVersion "1"]
[SourceVersionDate "2008.11.13"]
[SourceQuality "1"]
[WhiteTeam "Eynatten"]
[BlackTeam "Llamkos"]
[WhiteTeamCountry "BEL"]
[BlackTeamCountry "KOS"]

1. e4 c5 2. Nf3 Nc6 3. d4 cxd4 4. Nxd4 Nf6 5. Nc3 e5 6. Ndb5 d6 7. Bg5 a6 8. Na3 d5 9. Nxd5 Qa5+ 10. Bd2 Qd8 11. Nxf6+ Qxf6 12. Nc4 Qg6 13. Qf3 Bg4 14. Qe3 b5 15. Na5 Nd4 16. Bd3 Be2 17. Rg1 Bc5 18. Qh3 0-0 19. Nb3 Nxb3 20. axb3 Bxd3 21. cxd3 Rad8 22. Ke2 f5 23. Be3 Bd4 24. exf5 Rxf5 25. Bxd4 Rxd4 26. Rgd1 Rdf4 27. f3 h6 28. Rg1 Kh7 29. Qg3 Qe6 30. Rgd1 Qxb3 31. Rd2 Rf6 32. Kf1 Qb4 33. Qf2 Rd4 34. Rdd1 Qb3 35. Qe2 Qd5 36. Rd2 b4 37. Re1 Re6 38. Rc1 a5 39. Rc4 Rd6 40. Rxd4 Qxd4 41. b3 Qc3 42. Qe4+ Kg8 43. Qa8+ Kh7 44. Qe4+ Kg8 45. Qa8+ Kh7 46. Qe4+ Kg8 1/2-1/2